• 首页
  • 本馆介绍
  • 公告通知
  • 最新文献
  • 馆藏检索
  • 电子资源
  • 读者导购
  • 参考咨询
  • 我的图书馆
  • 登录
  • 期刊详细显示
  • 现刊情况显示
  • 合订本情况显示
  • 篇目信息显示

期刊信息

  • 表格格式
  • 工作单格式
  • 卡片格式
索取号 
G21/XWZHK
题名 
3S新闻周刊
作者 
3S新闻周刊编辑部
分册号 
分册名 
出版地 
北京
出版者 
新闻周刊编辑部
标准刊号 
2079-4924
出版频率 
双月刊
中图法分类 
G21
主题词 
新闻学; 新闻工作
电子资源 
000 00563nam0 2200205 450
001 2430965458
005 20241106084004.71
011    @a2079-4924
100    @a20241106d km y0chiy0120 ea
101 0  @achi
102    @aCN@b110000
200 1  @a3S新闻周刊@A3S Xin Wen Zhou Kan@f3S新闻周刊编辑部@F3S Xin Wen Zhou Kan Bian Ji Bu
210    @a北京@c新闻周刊编辑部
326    @a双月刊
606 0  @a新闻学
606 0  @a新闻工作
690    @aG21@v4
711 02 @a3S新闻周刊编辑部@A3S Xin Wen Zhou Kan Bian Ji Bu
801  0 @aCN@bNISOFT@c20241106
905    @dG21@eXWZHK
    
    3S新闻周刊/3S新闻周刊编辑部.-北京:新闻周刊编辑部
    
    
    
    ISSN 2079-4924
    
●
相关链接: 在易读查询期刊 在中国知网中查询期刊 在万方数据查询期刊 在维普查询期刊
唐山师范学院图书馆 欢迎您!
大连网信软件有限公司© 版权所有